Statistics for Largest Islands in Oceania (Population and Area)

Click here to take the quiz!

General Stats

  • This quiz has been taken 130 times
    (96 since last reset)
  • The average score is 8 of 16

Answer Stats

CountryIsland% Correct
New ZealandNorth Island
96%
New ZealandSouth Island
96%
Papua New Guinea, IndonesiaNew Guinea
88%
AustraliaTasmania
88%
France (New Caledonia)Grande Terre
53%
United States (Hawaii)Hawaii
46%
Papua New GuineaNew Britain
46%
FijiViti Levu
44%
Papua New GuineaBougainville
43%
United States (Hawaii)Oahu
43%
Papua New GuineaNew Ireland
41%
France (French Polynesia)Tahiti
39%
United States (Hawaii)Maui
34%
Solomon IslandsGuadalcanal
29%
FijiVanua Levu
28%
United StatesGuam
26%

Score Distribution

Percentile by Number Answered

Percent of People with Each Score

Your Score History

You have not taken this quiz since the last reset